Antropología y el estudio de las ontologías a principios del siglo XXI : (Record no. 181005)
[ view plain ]
| 000 -CABECERA | |
|---|---|
| campo de control de longitud fija | 02125nab a2200253 a 4500 |
| 005 - FECHA Y HORA DE LA ÚLTIMA TRANSACCIÓN | |
| campo de control | 20210219162702.0 |
| 008 - ELEMENTOS DE LONGITUD FIJA--INFORMACIÓN GENERAL | |
| campo de control de longitud fija | 991125s1985 mx 000 0 spa u |
| 035 ## - NÚMERO DE CONTROL DEL SISTEMA | |
| Número de control de sistema | UPN01000208904 |
| 049 ## - COLECCIÓN | |
| Colección | ART |
| 100 1# - ASIENTO PRINCIPAL--NOMBRE PERSONAL | |
| Nombre de persona | González Varela, Sergio Armando |
| 100 1# - ASIENTO PRINCIPAL--NOMBRE PERSONAL | |
| Filiación | sergio.gonzalez@uaslp.mx |
| 222 #0 - TÍTULO CLAVE | |
| Título clave | ESTUDIOS SOBRE LAS CULTURAS CONTEMPORANEAS |
| 245 00 - MENCIÓN DE TÍTULO | |
| Título | Antropología y el estudio de las ontologías a principios del siglo XXI : |
| Resto del título | sus problemáticas y desafíos para el análisis de la cultura |
| 260 ## - PUBLICACIÓN, DISTRIBUCIÓN, ETC. | |
| Lugar de publicación, distribución, etc. | Colima, México |
| 300 ## - DESCRIPCIÓN FÍSICA | |
| Extensión | 39-64 |
| 362 0# - FECHAS DE PUBLICACIÓN Y/O DESIGNACIÓN SECUENCIAL | |
| Fecha de publicación y/o designación secuencial | 2015 3a época, volumen 21, número 42, noviembre |
| 520 3# - NOTA DE RESUMEN, ETC. | |
| Sumario, etc. | El presente texto analiza el llamado “giro ontológico” en la antropología, sus alcances y aportaciones, así como sus críticas y sus desafíos para abordar el tema de la alteridad cultural. El artículo describe los fundamentos históricos y filosóficos del estudio de las “ontologías”, sus principales exponentes en las antropologías Británica, Brasileña y Francesa; además, hace una breve revisión sobre el impacto que ha tenido recientemente en los Estados Unidos y en Latinoamérica en el nuevo mileno. Al no ser un movimiento teórico unificado, la gama de autores a los que hace referencia el llamado estudio de las ontologías es bastante amplia; el artículo, por lo tanto, se enfoca principalmente en las aportaciones de los antropólogos Eduardo Viveiros de Castro, Philippe Descola, Martin Holbraad, así como en trabajos que han sido influenciados de alguna manera por ellos. Finalmente, el texto aborda críticamente los temas de los límites del concepto de alteridad radical en los estudios sobre ontologías, el problema de la práctica cultural, además de las nociones de distancia y cercanía como fundamentos básicos de este tipo de antropología |
| 653 0# - TERMINO DE INDIZACION - NO CONTROLADO | |
| Término no controlado | ONTOLOGIA |
| 653 0# - TERMINO DE INDIZACION - NO CONTROLADO | |
| Término no controlado | ALTERIDAD |
| 653 0# - TERMINO DE INDIZACION - NO CONTROLADO | |
| Término no controlado | ANTROPOLOGIA |
| 856 4# - LOCALIZACIÓN Y ACCESO ELECTRÓNICOS | |
| Identificador Uniforme del Recurso | <a href="http://www.redalyc.org/articulo.oa?id=31642649003">http://www.redalyc.org/articulo.oa?id=31642649003</a> |
| 856 4# - LOCALIZACIÓN Y ACCESO ELECTRÓNICOS | |
| Identificador Uniforme del Recurso | <a href="http://www.culturascontemporaneas.com/contenidos/03%20Antropologia%20y%20el%20estudio%20de%20ontologias%20pp%2039-64.pdf">http://www.culturascontemporaneas.com/contenidos/03%20Antropologia%20y%20el%20estudio%20de%20ontologias%20pp%2039-64.pdf</a> |
| 905 ## - TIPO DE MATERIAL | |
| Tipo de material | Articulo |
No items available.
